• 首页
  • 本馆介绍
  • 公告通知
  • 最新文献
  • 馆藏检索
  • 电子资源
  • 读者导购
  • 参考咨询
  • 我的图书馆
  • 登录
  • 详细信息显示
  • 放入我的书架
  • 预约/预借图书
  • 作者相关作品
  • 分类相关作品
  • 丛书相关作品
  • 出版社相关作品

书目信息

  • 表格格式
  • 工作单格式
  • 卡片格式
题名:
最阴谋
    
 
作者: 林汶奎 , 白妍 著
分册:  
出版信息: 北京   电子工业出版社  2011.3
页数: 233页
开本: 24cm
丛书名:
单 册:
中图分类: G243
科图分类:
主题词: 俱乐部--研究--世界
电子资源:
ISBN: 978-7-121-12728-1
000 00929nam0 2200253 45
001 1359683062
005 20130529084153.68
010    @a978-7-121-12728-1@dCNY29.80
100    @a20130513d2011 em y0chiy50 ea
101 0  @achi
102    @aCN@b110000
105    @ay a 000yy
106    @ar
200 1  @a最阴谋@AZui Yin Mou@e世界上最神秘的权势俱乐部@EShi Jie Shang Zui Shen Mi De Quan Shi Ju Le Bu@f林汶奎, 白妍著@FLin Wen Kui , Bai Yan Zhu
210    @a北京@c电子工业出版社@d2011.3
215    @a233页@d24cm
330    @a本书在真实信息基础上, 解密彼德伯格俱乐部的创立目的和发展历史, 与读者分享各个领域的精英人士对彼德伯格俱乐部的评价。
517 1  @a世界上最神秘的权势俱乐部@AShi Jie Shang Zui Shen Mi De Quan Shi Ju Le Bu
606 0  @a俱乐部@x研究@y世界
690    @aG243@v5
701  0 @a林汶奎@ALin Wen Kui@4著
701  0 @a白妍@ABai Yan@4著
801    @aCN@bTANGWEI@c20130522
905    @b0833088-93@dG243@e17@f6
    
    最阴谋:世界上最神秘的权势俱乐部/林汶奎, 白妍著.-北京:电子工业出版社,2011.3
    233页;24cm
    
    
    ISBN 978-7-121-12728-1:CNY29.80
    本书在真实信息基础上, 解密彼德伯格俱乐部的创立目的和发展历史, 与读者分享各个领域的精英人士对彼德伯格俱乐部的评价。
●
相关链接 在E读中查询图书 在五车中查询图书 在当当中查询图书 在豆瓣中查询图书


正题名:最阴谋     索取号:G243/17         预约/预借

序号 登录号 条形码 馆藏地/架位号 状态 备注
1 0833088   208330885   第一样本阅览室/ [索取号:G243/17] 在馆    
2 0833089   208330894   教育系资料室/ [索取号:G243/17] 在馆    
3 0833090   208330901   教育系资料室/ [索取号:G243/17] 在馆    
4 0833091   208330910   教育系资料室/ [索取号:G243/17] 在馆    
5 0833092   208330929   第四借阅区/ [索取号:G243/17] 在馆    
6 0833093   208330938   教育系资料室/ [索取号:G243/17] 在馆    
唐山师范学院图书馆 欢迎您!
大连网信软件有限公司© 版权所有